000 00434nam a2200181Ia 4500
001 9717
005 20260306161739.0
008 260306t2008||||xx |||||||||||||| ||spa||
041 _aESP
082 _a401.985
_bG67 V. 3
100 _aGonzález Moreyra, Raúl
_eAUT
245 0 _aPsicolingüística literaria
260 _c2008
300 _a162 páginas :
_c23 cm.
650 _aGEN
654 _aCHU
942 _cLIB
_dJUS
_fJUS
_2ddc
_n
999 _c9717
_d9717